[Event "WCO2014"]
[Site "Tromso"]
[Date "2014.08.05"]
[Round "4.35"]
[WhiteID "13300881"]
[White "Sargissian Gabriel"]
[BlackID "6500331"]
[Black "Valdes Romero Leonardo"]
[Result "1-0"]
[LiveChessVersion "1.4.3"]
[BlackElo "2406"]
[WhiteElo "2686"]

1. d4 {[%clk 1:30:57]} Nf6 {[%clk 1:30:44]} 2. c4 {[%clk 1:31:14]} g6
{[%clk 1:30:51]} 3. Nf3 {[%clk 1:31:36]} Bg7 {[%clk 1:31:15]} 4. g3
{[%clk 1:32:02]} O-O {[%clk 1:31:16]} 5. Bg2 {[%clk 1:32:26]} d6 {[%clk 1:31:37]}
6. Nc3 {[%clk 1:32:22]} Nc6 {[%clk 1:31:42]} 7. O-O {[%clk 1:32:31]} e5
{[%clk 1:31:44]} 8. d5 {[%clk 1:31:23]} Ne7 {[%clk 1:31:47]} 9. e4
{[%clk 1:31:28]} Nd7 {[%clk 1:31:51]} 10. Ne1 {[%clk 1:30:22]} f5
{[%clk 1:31:37]} 11. Nd3 {[%clk 1:30:15]} h6 {[%clk 1:31:39]} 12. Bd2
{[%clk 1:22:40]} Nf6 {[%clk 1:16:24]} 13. f4 {[%clk 1:21:08]} fxe4
{[%clk 0:56:12]} 14. Nxe4 {[%clk 1:17:33]} Nxe4 {[%clk 0:49:42]} 15. Bxe4
{[%clk 1:17:50]} Bh3 {[%clk 0:35:37]} 16. Re1 {[%clk 1:10:01]} c6
{[%clk 0:35:00]} 17. fxe5 {[%clk 0:55:34]} cxd5 {[%clk 0:34:27]} 18. cxd5
{[%clk 0:55:42]} Qb6+ {[%clk 0:22:50]} 19. Kh1 {[%clk 0:55:21]} dxe5
{[%clk 0:22:41]} 20. Be3 {[%clk 0:50:24]} Qb5 {[%clk 0:18:14]} 21. Bc5
{[%clk 0:43:32]} Qd7 {[%clk 0:15:47]} 22. Nf2 {[%clk 0:37:01]} b6
{[%clk 0:08:34]} 23. Nxh3 {[%clk 0:30:07]} bxc5 {[%clk 0:04:56]} 24. d6
{[%clk 0:29:59]} Nc6 {[%clk 0:00:57]} 25. Qd5+ {[%clk 0:29:18]} Kh8
{[%clk 0:01:12]} 26. Qxc6 {[%clk 0:29:32]} Qxh3 {[%clk 0:01:17]} 27. d7
{[%clk 0:24:25]} Qg4 {[%clk 0:00:36]} 28. Qxg6 {[%clk 0:23:36]} Qxg6
{[%clk 0:00:34]} 29. Bxg6 {[%clk 0:23:58]} e4 {[%clk 0:00:45]} 30. Rxe4
{[%clk 0:20:42]} Rad8 {[%clk 0:00:45]} 31. Be8 {[%clk 0:20:18]} Bxb2
{[%clk 0:00:56]} 32. Rb1 {[%clk 0:20:11]} Rf2 {[%clk 0:00:34]} 33. Kg1
{[%clk 0:13:55]} Rd2 {[%clk 0:00:36]} 34. Rf1 {[%clk 0:13:57]} Bd4+
{[%clk 0:00:44]} 35. Kh1 {[%clk 0:14:19]} Bg7 {[%clk 0:00:36]} 36. Rb1
{[%clk 0:12:14]} Bb2 {[%clk 0:00:46]} 37. Re6 {[%clk 0:12:06]} c4
{[%clk 0:00:36]} 38. Rxh6+ {[%clk 0:11:47]} Kg7 {[%clk 0:00:48]} 39. Rg6+
{[%clk 0:11:35]} Kh7 {[%clk 0:01:11]} 40. Rc6 {[%clk 0:06:03]} c3
{[%clk 0:01:25]} 41. Re1 {[%clk 0:01:14]} Kg7 {[%clk 0:24:19]} 42. Re7+
{[%clk 0:27:32]} Kf8 {[%clk 0:23:45]} 43. Rf7+ {[%clk 0:26:49]} Kg8
{[%clk 0:24:09]} 44. Rg6+ {[%clk 0:27:12]} Kh8 {[%clk 0:24:33]} 45. Rf4
{[%clk 0:25:02]} 1-0

[Event "WCO2014"]
[Site "Tromso"]
[Date "2014.08.05"]
[Round "4.34"]
[WhiteID "6500374"]
[White "Minero Pineda Sergio"]
[BlackID "310204"]
[Black "Movsesian Sergei"]
[Result "0-1"]
[LiveChessVersion "1.4.3"]
[BlackElo "2672"]
[WhiteElo "2384"]

1. d4 {[%clk 1:30:48]} Nf6 {[%clk 1:30:42]} 2. c4 {[%clk 1:31:09]} c6
{[%clk 1:31:08]} 3. Nc3 {[%clk 1:31:11]} d5 {[%clk 1:31:32]} 4. e3
{[%clk 1:31:15]} g6 {[%clk 1:29:36]} 5. Nf3 {[%clk 1:29:14]} Bg7 {[%clk 1:30:00]}
6. Be2 {[%clk 1:27:30]} O-O {[%clk 1:30:19]} 7. O-O {[%clk 1:27:21]} b6
{[%clk 1:26:03]} 8. Bd2 {[%clk 1:22:32]} Bb7 {[%clk 1:24:35]} 9. cxd5
{[%clk 1:20:36]} cxd5 {[%clk 1:24:34]} 10. Ne5 {[%clk 1:18:45]} Nbd7
{[%clk 1:19:45]} 11. Nxd7 {[%clk 1:13:25]} Qxd7 {[%clk 1:18:51]} 12. Qb3
{[%clk 1:13:19]} Rfc8 {[%clk 1:16:19]} 13. Rac1 {[%clk 1:07:24]} e6
{[%clk 1:13:44]} 14. Rfd1 {[%clk 0:57:46]} Ne8 {[%clk 1:10:19]} 15. Bb5
{[%clk 0:43:38]} Bc6 {[%clk 1:05:16]} 16. Bxc6 {[%clk 0:34:19]} Rxc6
{[%clk 1:05:15]} 17. Ne2 {[%clk 0:34:24]} Rac8 {[%clk 1:02:32]} 18. Rxc6
{[%clk 0:34:24]} Rxc6 {[%clk 1:02:40]} 19. Rc1 {[%clk 0:32:55]} Nd6
{[%clk 1:02:19]} 20. Rxc6 {[%clk 0:16:19]} Qxc6 {[%clk 1:02:25]} 21. Qd1
{[%clk 0:16:27]} a5 {[%clk 0:48:54]} 22. b3 {[%clk 0:15:03]} Bf8 {[%clk 0:49:06]}
23. Be1 {[%clk 0:11:02]} Ne4 {[%clk 0:45:50]} 24. Qc1 {[%clk 0:10:18]} Qb5
{[%clk 0:45:38]} 25. Qc2 {[%clk 0:10:35]} Ba3 {[%clk 0:43:29]} 26. Nf4
{[%clk 0:09:50]} Qd7 {[%clk 0:39:27]} 27. Nd3 {[%clk 0:09:32]} f6
{[%clk 0:38:35]} 28. f3 {[%clk 0:07:55]} Nd6 {[%clk 0:37:59]} 29. Bf2
{[%clk 0:07:25]} Kf7 {[%clk 0:35:47]} 30. Kf1 {[%clk 0:06:46]} Nb5
{[%clk 0:33:29]} 31. Bg3 {[%clk 0:05:43]} Ke8 {[%clk 0:31:58]} 32. Ke2
{[%clk 0:05:07]} Kd8 {[%clk 0:31:25]} 33. Bh4 {[%clk 0:05:05]} Be7
{[%clk 0:30:39]} 34. Bg3 {[%clk 0:05:11]} Na7 {[%clk 0:28:52]} 35. Kf2
{[%clk 0:04:32]} Nc6 {[%clk 0:29:01]} 36. Kf1 {[%clk 0:04:36]} Kc8
{[%clk 0:28:40]} 37. Kf2 {[%clk 0:04:20]} Kb7 {[%clk 0:28:46]} 38. Kf1
{[%clk 0:03:42]} Ba3 {[%clk 0:28:15]} 39. Kf2 {[%clk 0:03:34]} Bf8
{[%clk 0:26:40]} 40. Qc3 {[%clk 0:01:27]} Ne7 {[%clk 0:23:36]} 41. Ke2
{[%clk 0:24:37]} h5 {[%clk 0:51:46]} 42. Qc2 {[%clk 0:20:55]} g5 {[%clk 0:49:34]}
43. Be1 {[%clk 0:14:46]} Nc6 {[%clk 0:47:53]} 44. Nf2 {[%clk 0:08:23]} f5
{[%clk 0:46:26]} 45. Kf1 {[%clk 0:04:15]} Qc7 {[%clk 0:44:19]} 46. h3
{[%clk 0:01:58]} Bg7 {[%clk 0:40:50]} 47. Bd2 {[%clk 0:01:17]} Bf6
{[%clk 0:40:42]} 48. g4 {[%clk 0:01:01]} Qg3 {[%clk 0:38:47]} 49. gxf5
{[%clk 0:01:15]} e5 {[%clk 0:38:42]} 50. dxe5 {[%clk 0:01:33]} Bxe5
{[%clk 0:35:32]} 51. Qd1 {[%clk 0:00:54]} d4 {[%clk 0:34:27]} 52. e4
{[%clk 0:01:04]} g4 {[%clk 0:33:03]} 53. fxg4 {[%clk 0:01:18]} Bc7
{[%clk 0:30:39]} 54. Bg5 {[%clk 0:01:00]} Ne5 {[%clk 0:29:50]} 55. Qxd4
{[%clk 0:01:06]} Nf3 {[%clk 0:30:16]} 56. Qd5+ {[%clk 0:01:19]} Kb8
{[%clk 0:29:31]} 57. Be7 {[%clk 0:01:03]} Nh2+ {[%clk 0:29:47]} 58. Ke1
{[%clk 0:00:38]} Qg1+ {[%clk 0:27:45]} 59. Ke2 {[%clk 0:01:03]} Qf1+
{[%clk 0:28:11]} 60. Ke3 {[%clk 0:01:24]} Qe1+ {[%clk 0:28:36]} 61. Kd3
{[%clk 0:01:51]} Nf1 {[%clk 0:27:58]} 62. Qg8+ {[%clk 0:00:35]} Ka7
{[%clk 0:28:21]} 63. Kd4 {[%clk 0:00:39]} Qd2+ {[%clk 0:21:58]} 64. Nd3
{[%clk 0:00:43]} Qe3+ {[%clk 0:22:26]} 65. Kc4 {[%clk 0:00:45]} Nd2+
{[%clk 0:19:40]} 66. Kc3 {[%clk 0:00:56]} Nxe4+ {[%clk 0:20:04]} 67. Kc4
{[%clk 0:01:21]} Nd2+ {[%clk 0:19:54]} 68. Kc3 {[%clk 0:01:45]} Nb1+
{[%clk 0:19:59]} 69. Kc2 {[%clk 0:00:49]} Qd2+ {[%clk 0:20:00]} 70. Kxb1
{[%clk 0:00:44]} Qxd3+ {[%clk 0:20:28]} 71. Kb2 {[%clk 0:01:11]} Qe2+
{[%clk 0:20:33]} 72. Kb1 {[%clk 0:01:34]} Be5 {[%clk 0:19:58]} 73. Ba3
{[%clk 0:00:39]} Qd1+ {[%clk 0:20:22]} 0-1

[Event "WCO2014"]
[Site "Tromso"]
[Date "2014.08.05"]
[Round "4.33"]
[WhiteID "13300032"]
[White "Akopian Vladimir"]
[BlackID "6500218"]
[Black "Murillo Tsijli Alexis"]
[Result "1-0"]
[LiveChessVersion "1.4.3"]
[BlackElo "2303"]
[WhiteElo "2655"]

1. Nf3 {[%clk 1:30:56]} d5 {[%clk 1:30:33]} 2. g3 {[%clk 1:31:14]} c6
{[%clk 1:30:49]} 3. Bg2 {[%clk 1:31:39]} Bg4 {[%clk 1:31:12]} 4. c4
{[%clk 1:31:08]} e6 {[%clk 1:30:11]} 5. O-O {[%clk 1:28:51]} Nd7 {[%clk 1:30:12]}
6. cxd5 {[%clk 1:27:09]} exd5 {[%clk 1:25:45]} 7. d3 {[%clk 1:26:47]} Ngf6
{[%clk 1:26:07]} 8. Nc3 {[%clk 1:26:57]} Be7 {[%clk 1:22:15]} 9. Qb3
{[%clk 1:24:17]} Qb6 {[%clk 1:21:52]} 10. Qc2 {[%clk 1:24:39]} O-O
{[%clk 1:21:26]} 11. e4 {[%clk 1:23:36]} dxe4 {[%clk 1:20:46]} 12. dxe4
{[%clk 1:22:55]} Rfe8 {[%clk 1:19:14]} 13. Be3 {[%clk 1:16:28]} Qa5
{[%clk 1:18:47]} 14. h3 {[%clk 1:15:31]} Bh5 {[%clk 1:17:04]} 15. Nd4
{[%clk 1:12:54]} Bg6 {[%clk 1:15:07]} 16. f4 {[%clk 1:09:18]} h5 {[%clk 1:09:28]}
17. Qf2 {[%clk 1:01:50]} Bb4 {[%clk 1:00:49]} 18. Nb3 {[%clk 1:00:58]} Qc7
{[%clk 0:59:10]} 19. e5 {[%clk 0:55:32]} Bxc3 {[%clk 0:58:37]} 20. bxc3
{[%clk 0:55:57]} Ne4 {[%clk 0:58:34]} 21. Qe1 {[%clk 0:53:47]} Bh7
{[%clk 0:50:54]} 22. Bd4 {[%clk 0:47:34]} f5 {[%clk 0:49:52]} 23. g4
{[%clk 0:44:14]} hxg4 {[%clk 0:47:48]} 24. hxg4 {[%clk 0:44:40]} Nef6
{[%clk 0:46:53]} 25. gxf5 {[%clk 0:42:14]} Bxf5 {[%clk 0:46:14]} 26. Qh4
{[%clk 0:32:10]} Ng4 {[%clk 0:38:43]} 27. Bf2 {[%clk 0:25:45]} Nh6
{[%clk 0:35:11]} 28. Nd4 {[%clk 0:25:19]} Nf8 {[%clk 0:34:08]} 29. Nxf5
{[%clk 0:25:16]} Nxf5 {[%clk 0:34:30]} 30. Qh3 {[%clk 0:21:56]} g6
{[%clk 0:30:00]} 31. Be4 {[%clk 0:22:16]} Ne6 {[%clk 0:25:09]} 32. Qg4
{[%clk 0:18:03]} Qg7 {[%clk 0:17:38]} 33. Rad1 {[%clk 0:17:53]} Re7
{[%clk 0:16:08]} 34. Bc2 {[%clk 0:15:14]} Rf8 {[%clk 0:13:45]} 35. Bb3
{[%clk 0:15:16]} Kh7 {[%clk 0:14:00]} 36. Bh4 {[%clk 0:12:28]} Ree8
{[%clk 0:08:06]} 37. Bg5 {[%clk 0:09:14]} Qc7 {[%clk 0:03:49]} 38. Bf6
{[%clk 0:04:21]} Qb6+ {[%clk 0:00:45]} 39. Rf2 {[%clk 0:04:17]} Neg7
{[%clk 0:31:00]} 40. Qh3+ {[%clk 0:33:41]} Nh6 {[%clk 0:31:09]} 41. Rd7
{[%clk 0:30:41]} 1-0

[Event "WCO2014"]
[Site "Tromso"]
[Date "2014.08.05"]
[Round "4.1"]
[WhiteID "7800010"]
[White "Lodhi Mahmood"]
[BlackID "1506102"]
[Black "Urkedal Frode"]
[Result "0-1"]
[LiveChessVersion "1.4.3"]
[BlackElo "2500"]
[WhiteElo "2335"]

1. d4 {[%clk 1:30:57]} Nf6 {[%clk 1:30:56]} 2. Nf3 {[%clk 1:31:20]} e6
{[%clk 1:31:14]} 3. g3 {[%clk 1:31:25]} b5 {[%clk 1:31:36]} 4. Bg2
{[%clk 1:31:07]} Bb7 {[%clk 1:28:52]} 5. O-O {[%clk 1:24:27]} c5 {[%clk 1:29:18]}
6. a4 {[%clk 1:24:47]} b4 {[%clk 1:29:08]} 7. c4 {[%clk 1:24:45]} cxd4
{[%clk 1:28:02]} 8. Nxd4 {[%clk 1:18:14]} Bxg2 {[%clk 1:25:38]} 9. Kxg2
{[%clk 1:18:36]} d5 {[%clk 1:12:34]} 10. cxd5 {[%clk 1:18:08]} Qxd5+
{[%clk 1:12:49]} 11. f3 {[%clk 1:18:25]} Be7 {[%clk 1:06:10]} 12. Nb5
{[%clk 1:13:44]} Qc6 {[%clk 1:04:06]} 13. Be3 {[%clk 1:08:29]} a6
{[%clk 1:00:51]} 14. Nd4 {[%clk 1:02:38]} Qd5 {[%clk 0:54:31]} 15. Nd2
{[%clk 0:55:13]} O-O {[%clk 0:47:05]} 16. Rc1 {[%clk 0:53:58]} Rd8
{[%clk 0:37:34]} 17. N2b3 {[%clk 0:48:30]} g6 {[%clk 0:34:59]} 18. Nd2
{[%clk 0:23:59]} e5 {[%clk 0:30:12]} 19. N4b3 {[%clk 0:23:48]} Nc6
{[%clk 0:29:13]} 20. Qc2 {[%clk 0:16:04]} Nd4 {[%clk 0:27:32]} 21. Bxd4
{[%clk 0:13:49]} exd4 {[%clk 0:27:56]} 22. Rfd1 {[%clk 0:14:06]} d3
{[%clk 0:18:13]} 23. exd3 {[%clk 0:14:04]} Qxd3 {[%clk 0:18:23]} 24. Nc4
{[%clk 0:13:07]} Qxc2+ {[%clk 0:18:21]} 0-1

[Event "WCO2014"]
[Site "Tromso"]
[Date "2014.08.05"]
[Round "4.32"]
[WhiteID "5900727"]
[White "Kelires Andreas"]
[BlackID "13502247"]
[Black "Zhigalko Andrey"]
[Result "1/2-1/2"]
[LiveChessVersion "1.4.3"]
[BlackElo "2580"]
[WhiteElo "2216"]

1. d4 {[%clk 1:30:57]} Nf6 {[%clk 1:30:57]} 2. c4 {[%clk 1:31:22]} g6
{[%clk 1:31:23]} 3. Nc3 {[%clk 1:31:43]} Bg7 {[%clk 1:31:47]} 4. e4
{[%clk 1:32:08]} d6 {[%clk 1:32:14]} 5. f3 {[%clk 1:32:12]} O-O {[%clk 1:32:36]}
6. Be3 {[%clk 1:32:38]} Nc6 {[%clk 1:32:43]} 7. Nge2 {[%clk 1:32:49]} a6
{[%clk 1:32:59]} 8. Qd2 {[%clk 1:33:09]} Na5 {[%clk 1:33:16]} 9. Ng3
{[%clk 1:33:34]} b5 {[%clk 1:33:36]} 10. Bh6 {[%clk 1:33:21]} Nxc4
{[%clk 1:31:02]} 11. Bxc4 {[%clk 1:33:46]} bxc4 {[%clk 1:31:28]} 12. h4
{[%clk 1:34:05]} c5 {[%clk 1:23:58]} 13. d5 {[%clk 1:31:32]} Bxh6
{[%clk 1:23:58]} 14. Qxh6 {[%clk 1:31:56]} e6 {[%clk 1:24:18]} 15. dxe6
{[%clk 1:22:47]} Bxe6 {[%clk 1:24:16]} 16. O-O-O {[%clk 1:23:05]} Qe7
{[%clk 1:22:04]} 17. h5 {[%clk 1:13:27]} Rab8 {[%clk 1:22:21]} 18. Rhe1
{[%clk 0:59:10]} Rb6 {[%clk 0:47:05]} 19. Nf5 {[%clk 0:21:45]} gxf5
{[%clk 0:47:14]} 20. exf5 {[%clk 0:22:08]} d5 {[%clk 0:45:03]} 21. g4
{[%clk 0:16:15]} d4 {[%clk 0:10:58]} 22. g5 {[%clk 0:16:18]} dxc3
{[%clk 0:07:31]} 23. gxf6 {[%clk 0:14:21]} cxb2+ {[%clk 0:07:58]} 24. Kd2
{[%clk 0:14:49]} Qd6+ {[%clk 0:07:25]} 25. Ke3 {[%clk 0:15:08]} Qe5+
{[%clk 0:06:58]} 26. Kf2 {[%clk 0:15:34]} Qh2+ {[%clk 0:07:03]} 27. Ke3
{[%clk 0:15:58]} Qe5+ {[%clk 0:06:50]} 28. Kf2 {[%clk 0:16:24]} Qh2+
{[%clk 0:07:11]} 29. Ke3 {[%clk 0:16:49]} Qe5+ {[%clk 0:07:35]} 1/2-1/2

[Event "WCO2014"]
[Site "Tromso"]
[Date "2014.08.05"]
[Round "4.31"]
[WhiteID "13500139"]
[White "Aleksandrov Aleksej"]
[BlackID "5900328"]
[Black "Constantinou Pavlos"]
[Result "1-0"]
[LiveChessVersion "1.4.3"]
[BlackElo "2106"]
[WhiteElo "2595"]

1. d4 {[%clk 1:30:57]} Nf6 {[%clk 1:30:55]} 2. c4 {[%clk 1:31:22]} e6
{[%clk 1:31:21]} 3. Nc3 {[%clk 1:31:48]} Bb4 {[%clk 1:31:42]} 4. e3
{[%clk 1:32:13]} c5 {[%clk 1:31:56]} 5. Bd3 {[%clk 1:32:20]} Nc6 {[%clk 1:32:14]}
6. Nf3 {[%clk 1:32:36]} Bxc3+ {[%clk 1:32:18]} 7. bxc3 {[%clk 1:33:01]} d6
{[%clk 1:32:38]} 8. O-O {[%clk 1:31:58]} e5 {[%clk 1:32:51]} 9. Nd2
{[%clk 1:32:24]} O-O {[%clk 1:32:20]} 10. Re1 {[%clk 1:32:47]} Kh8
{[%clk 1:30:35]} 11. Rb1 {[%clk 1:26:57]} b6 {[%clk 1:25:44]} 12. Qc2
{[%clk 1:16:23]} Ng4 {[%clk 1:06:09]} 13. h3 {[%clk 1:09:58]} Nh6
{[%clk 1:06:19]} 14. dxc5 {[%clk 1:09:29]} dxc5 {[%clk 1:05:26]} 15. e4
{[%clk 1:09:54]} f6 {[%clk 1:02:33]} 16. Rd1 {[%clk 1:07:17]} Nf7
{[%clk 0:59:47]} 17. Nf1 {[%clk 1:03:27]} Qe7 {[%clk 0:50:31]} 18. Ne3
{[%clk 1:02:20]} Nd6 {[%clk 0:49:43]} 19. Be2 {[%clk 0:58:34]} Rd8
{[%clk 0:48:50]} 20. Rb2 {[%clk 0:33:36]} Na5 {[%clk 0:45:05]} 21. Qb1
{[%clk 0:34:00]} Bb7 {[%clk 0:44:50]} 22. f3 {[%clk 0:30:28]} Ba6
{[%clk 0:43:51]} 23. Rbd2 {[%clk 0:26:13]} Ndxc4 {[%clk 0:37:20]} 24. Rxd8+
{[%clk 0:24:40]} Rxd8 {[%clk 0:37:47]} 25. Nd5 {[%clk 0:25:02]} Qf7
{[%clk 0:35:30]} 26. f4 {[%clk 0:21:18]} Bb7 {[%clk 0:30:10]} 27. Bxc4
{[%clk 0:21:31]} Nxc4 {[%clk 0:30:22]} 28. Qd3 {[%clk 0:21:55]} Bxd5
{[%clk 0:24:53]} 29. exd5 {[%clk 0:18:47]} Nd6 {[%clk 0:24:49]} 30. fxe5
{[%clk 0:18:58]} fxe5 {[%clk 0:24:54]} 31. Rf1 {[%clk 0:18:51]} Qe7
{[%clk 0:22:41]} 32. Qg3 {[%clk 0:17:13]} Ne4 {[%clk 0:18:39]} 33. Qf3
{[%clk 0:10:15]} Nf6 {[%clk 0:18:20]} 34. c4 {[%clk 0:10:19]} e4 {[%clk 0:16:06]}
35. Qg3 {[%clk 0:03:58]} b5 {[%clk 0:11:30]} 36. cxb5 {[%clk 0:03:00]} Rxd5
{[%clk 0:11:08]} 37. a4 {[%clk 0:03:17]} c4 {[%clk 0:08:59]} 38. Qc3
{[%clk 0:03:11]} Qc7 {[%clk 0:06:22]} 39. Bf4 {[%clk 0:01:58]} Qc8
{[%clk 0:05:54]} 40. Rc1 {[%clk 0:02:23]} Rc5 {[%clk 0:01:54]} 41. Be5
{[%clk 0:01:32]} Qe6 {[%clk 0:01:32]} 42. Bd4 {[%clk 0:01:53]} Rc7
{[%clk 0:00:54]} 43. Rf1 {[%clk 0:01:45]} Rf7 {[%clk 0:17:08]} 44. a5
{[%clk 0:28:26]} Kg8 {[%clk 0:15:20]} 45. Qg3 {[%clk 0:28:17]} Ne8
{[%clk 0:11:13]} 46. Rxf7 {[%clk 0:28:22]} Qxf7 {[%clk 0:11:41]} 47. Qe5
{[%clk 0:26:06]} Qd7 {[%clk 0:10:03]} 48. b6 {[%clk 0:25:19]} axb6
{[%clk 0:10:26]} 49. axb6 {[%clk 0:25:44]} Nd6 {[%clk 0:10:07]} 50. Qd5+
{[%clk 0:25:58]} Kf8 {[%clk 0:10:21]} 51. Bc5 {[%clk 0:25:58]} 1-0

[Event "WCO2014"]
[Site "Tromso"]
[Date "2014.08.05"]
[Round "4.30"]
[WhiteID "5900468"]
[White "Aristotelous Vassilis"]
[BlackID "13504398"]
[Black "Kovalev Vladislav"]
[Result "0-1"]
[LiveChessVersion "1.4.3"]
[BlackElo "2532"]
[WhiteElo "1946"]

1. e4 {[%clk 1:30:54]} c5 {[%clk 1:30:44]} 2. Nc3 {[%clk 1:31:13]} Nc6
{[%clk 1:31:09]} 3. f4 {[%clk 1:31:35]} g6 {[%clk 1:31:33]} 4. Nf3
{[%clk 1:31:59]} Bg7 {[%clk 1:32:00]} 5. Bc4 {[%clk 1:32:16]} e6 {[%clk 1:32:05]}
6. f5 {[%clk 1:32:23]} Nge7 {[%clk 1:32:13]} 7. fxe6 {[%clk 1:32:40]} fxe6
{[%clk 1:32:29]} 8. d3 {[%clk 1:31:52]} d5 {[%clk 1:32:55]} 9. Bb3
{[%clk 1:31:14]} b5 {[%clk 1:33:19]} 10. a3 {[%clk 1:26:03]} c4 {[%clk 1:32:49]}
11. dxc4 {[%clk 1:21:21]} bxc4 {[%clk 1:21:16]} 12. exd5 {[%clk 1:16:56]} exd5
{[%clk 1:20:44]} 13. Ba4 {[%clk 1:15:45]} d4 {[%clk 1:14:00]} 14. Bxc6+
{[%clk 1:08:47]} Nxc6 {[%clk 1:14:26]} 15. Ne4 {[%clk 1:06:57]} O-O
{[%clk 1:14:09]} 16. O-O {[%clk 1:07:11]} Qd5 {[%clk 1:13:43]} 17. Nf2
{[%clk 0:58:34]} Bb7 {[%clk 1:05:47]} 18. Nh3 {[%clk 0:49:34]} Ne5
{[%clk 1:02:52]} 19. Nf4 {[%clk 0:49:35]} Nxf3+ {[%clk 1:02:59]} 20. Qxf3
{[%clk 0:45:11]} Qxf3 {[%clk 1:03:14]} 21. gxf3 {[%clk 0:45:06]} Rae8
{[%clk 1:03:32]} 22. Kg2 {[%clk 0:40:19]} g5 {[%clk 1:02:48]} 23. Nh5
{[%clk 0:39:40]} Re2+ {[%clk 1:03:07]} 24. Kg3 {[%clk 0:39:21]} Be5+
{[%clk 1:03:23]} 25. Kg4 {[%clk 0:38:06]} Bc8+ {[%clk 1:03:13]} 26. Kxg5
{[%clk 0:37:01]} Rf5+ {[%clk 1:03:35]} 27. Kh6 {[%clk 0:36:49]} Bg7+
{[%clk 1:03:09]} 0-1

[Event "WCO2014"]
[Site "Tromso"]
[Date "2014.08.05"]
[Round "4.29"]
[WhiteID "13503758"]
[White "Stupak Kirill"]
[BlackID "5900360"]
[Black "Georgiou Andreas"]
[Result "1-0"]
[LiveChessVersion "1.4.3"]
[BlackElo "1781"]
[WhiteElo "2514"]

1. d4 {[%clk 1:30:58]} Nf6 {[%clk 1:30:42]} 2. g3 {[%clk 1:31:21]} e6
{[%clk 1:30:34]} 3. Bg2 {[%clk 1:31:47]} d5 {[%clk 1:30:13]} 4. Nf3
{[%clk 1:32:11]} Be7 {[%clk 1:28:25]} 5. c4 {[%clk 1:32:36]} O-O {[%clk 1:28:41]}
6. O-O {[%clk 1:33:01]} dxc4 {[%clk 1:28:00]} 7. Ne5 {[%clk 1:33:15]} Nc6
{[%clk 1:27:04]} 8. Nxc6 {[%clk 1:29:20]} bxc6 {[%clk 1:27:09]} 9. Na3
{[%clk 1:29:48]} Rb8 {[%clk 1:23:53]} 10. Nxc4 {[%clk 1:30:12]} c5
{[%clk 1:18:24]} 11. Na5 {[%clk 1:29:07]} Rb6 {[%clk 1:14:01]} 12. Nc6
{[%clk 1:28:38]} Qd7 {[%clk 1:12:41]} 13. Nxe7+ {[%clk 1:28:52]} Qxe7
{[%clk 1:13:04]} 14. dxc5 {[%clk 1:29:20]} Rb8 {[%clk 1:05:16]} 15. Qc2
{[%clk 1:29:07]} Nd5 {[%clk 0:56:20]} 16. a3 {[%clk 1:29:30]} c6 {[%clk 0:55:39]}
17. Rd1 {[%clk 1:28:57]} f5 {[%clk 0:52:52]} 18. b4 {[%clk 1:24:03]} Ba6
{[%clk 0:46:21]} 19. Bb2 {[%clk 1:24:01]} f4 {[%clk 0:43:24]} 20. Be5
{[%clk 1:24:12]} fxg3 {[%clk 0:41:28]} 21. hxg3 {[%clk 1:23:49]} Rxf2
{[%clk 0:25:37]} 22. Kxf2 {[%clk 1:21:58]} Rf8+ {[%clk 0:20:53]} 23. Bf3
{[%clk 1:20:10]} Qg5 {[%clk 0:19:50]} 24. Qe4 {[%clk 1:20:08]} Rf5
{[%clk 0:17:18]} 25. Bb2 {[%clk 1:17:27]} Qh6 {[%clk 0:09:24]} 26. Rh1
{[%clk 1:17:35]} Qg6 {[%clk 0:08:39]} 27. Rh4 {[%clk 1:18:04]} 1-0

[Event "WCO2014"]
[Site "Tromso"]
[Date "2014.08.05"]
[Round "4.28"]
[WhiteID "7200595"]
[White "Ziska Helgi Dam"]
[BlackID "6100252"]
[Black "Guevara Carlos"]
[Result "1-0"]
[LiveChessVersion "1.4.3"]
[BlackElo "2218"]
[WhiteElo "2507"]

1. e4 {[%clk 1:30:45]} c5 {[%clk 1:30:24]} 2. Nf3 {[%clk 1:30:39]} Nc6
{[%clk 1:30:43]} 3. Bb5 {[%clk 1:30:34]} g6 {[%clk 1:29:31]} 4. Bxc6
{[%clk 1:30:37]} dxc6 {[%clk 1:29:34]} 5. d3 {[%clk 1:30:26]} Bg7
{[%clk 1:29:47]} 6. h3 {[%clk 1:30:15]} Nf6 {[%clk 1:28:41]} 7. Nc3
{[%clk 1:28:42]} O-O {[%clk 1:26:07]} 8. Be3 {[%clk 1:26:30]} Nd7
{[%clk 1:24:03]} 9. O-O {[%clk 1:22:17]} e5 {[%clk 1:22:52]} 10. Qd2
{[%clk 1:20:24]} Re8 {[%clk 1:20:23]} 11. Nh2 {[%clk 1:08:14]} h5
{[%clk 1:16:26]} 12. f4 {[%clk 0:48:01]} exf4 {[%clk 1:13:43]} 13. Rxf4
{[%clk 0:47:39]} b6 {[%clk 1:13:01]} 14. Raf1 {[%clk 0:46:31]} Ne5
{[%clk 1:13:09]} 15. R4f2 {[%clk 0:45:12]} f6 {[%clk 1:06:30]} 16. Nf3
{[%clk 0:39:12]} Nf7 {[%clk 1:05:12]} 17. Nh4 {[%clk 0:34:03]} Ne5
{[%clk 1:01:39]} 18. Bh6 {[%clk 0:26:46]} Bh8 {[%clk 1:00:54]} 19. Bf4
{[%clk 0:26:44]} Kh7 {[%clk 0:59:36]} 20. Ne2 {[%clk 0:24:39]} Bg7
{[%clk 0:49:50]} 21. Ng3 {[%clk 0:19:00]} Be6 {[%clk 0:46:20]} 22. Kh1
{[%clk 0:18:20]} Qe7 {[%clk 0:44:04]} 23. Qd1 {[%clk 0:16:43]} Bf7
{[%clk 0:44:04]} 24. Bd2 {[%clk 0:15:49]} Qc7 {[%clk 0:40:39]} 25. Bc3
{[%clk 0:14:17]} Ng4 {[%clk 0:38:25]} 26. Rf3 {[%clk 0:13:24]} Ne5
{[%clk 0:38:37]} 27. R3f2 {[%clk 0:13:35]} Ng4 {[%clk 0:38:55]} 28. Rf3
{[%clk 0:13:51]} Ne5 {[%clk 0:39:16]} 29. Rxf6 {[%clk 0:14:08]} Bxf6
{[%clk 0:35:50]} 30. Rxf6 {[%clk 0:14:36]} Re7 {[%clk 0:23:10]} 31. Qf1
{[%clk 0:12:42]} Rf8 {[%clk 0:19:48]} 32. Qf4 {[%clk 0:08:54]} Nxd3
{[%clk 0:10:21]} 33. Qg5 {[%clk 0:07:15]} Re5 {[%clk 0:05:52]} 34. Ngf5
{[%clk 0:06:50]} Rxf5 {[%clk 0:04:39]} 35. exf5 {[%clk 0:06:33]} Nf2+
{[%clk 0:04:26]} 36. Kg1 {[%clk 0:06:58]} 1-0